| 000 | 00536nam a2200181 a 4500 | ||
|---|---|---|---|
| 001 | 2048 | ||
| 003 | CDMR | ||
| 005 | 20131008115120.0 | ||
| 008 | 130130s1992||||||||||||||||||||||||||||d | ||
| 040 |
_aCDMR _bcat _cCDMR |
||
| 100 | 1 |
_aGómez Mompart, Josep Lluís _91072 |
|
| 245 | 1 | 3 |
_aLa génesi de la premsa de masses a Catalunya (1902-1923) _cJosep Lluís Gómez Mompart |
| 260 |
_aBarcelona _c1992 _bPórtic |
||
| 300 |
_a263 p ; _c21 cm |
||
| 490 | 0 |
_aPórtic/Media _v4 |
|
| 650 | 0 | 4 |
_91524 _aPremsa _zCatalunya _xHistòria |
| 942 |
_cMON _2udc |
||
| 999 |
_c2048 _d2048 |
||